| 000 | 01070nam a2200325 i 4500 | ||
|---|---|---|---|
| 001 | 000026261 | ||
| 003 | DO-SdBNP | ||
| 005 | 20251209105117.0 | ||
| 007 | ta | ||
| 008 | 110308s1981 dr r 000 0 spa d | ||
| 040 |
_aDO-SdBNP _bspa _cBNPHU _erda |
||
| 041 | _aspa | ||
| 082 |
_axxx _bL258e _222 |
||
| 100 | 1 |
_aLandolfi, Ciriaco _eautor _924264 |
|
| 245 | 1 | 0 |
_aEvolución cultural dominicana 1844-1899 / _cCiriaco Landolfi. |
| 264 |
_aSanto Domingo : _bUASD, _c1981. |
||
| 300 |
_a292 páginas ; _c21 cm. |
||
| 336 |
_ardacontent _btexto _2txt |
||
| 337 |
_ardamedia _bsin mediación _2n |
||
| 338 |
_ardacarrier _bvolumen _2nc |
||
| 490 | 1 |
_aHistoria y sociedad _v42 |
|
| 490 | 1 |
_aPublicaciones de la Universidad Autónoma de Santo Domingo _v290 |
|
| 500 | _aIncluye notas al pie de páginas | ||
| 590 | _aInventariado, 2025/DG | ||
| 710 | 1 |
_aUniversidad Autónoma de Santo Domingo _972951 |
|
| 830 | 0 |
_aHistoria y sociedad _n42 _953295 |
|
| 830 | 0 |
_aPublicaciones de la Universidad Autónoma de Santo Domingo _n290 _953296 |
|
| 910 | _aDG | ||
| 942 |
_2ddc _cLBS1 |
||
| 999 |
_c25753 _d25753 |
||